000 00453nam a2200121Ia 4500
008 220616s9999||||xx |||||||||||||| ||und||
100 _aGraham Weinberg
245 0 _aTopics in Radar Signal Processing
546 _aEnglish[eng]
650 _aPhysical Sciences||Engineering and Technology||Earth and Planetary Sciences||Remote Sensing||Geology and Geophysics
856 _uhttps://www.intechopen.com/books/topics-in-radar-signal-processing
942 _cEB
999 _c20273
_d20273